00321 2200145 4500245004100000250001100041100001600052650001700068650001600085005001900101260001800120041001400138084001400152336000900166 aKisah Hidup LeksicSahid LeksihText aCet. 1 aSahid Leksi aAutobiografi aKarya Siswa a20250522092854 aJakartac2025 aIndonesia a081 SAH k atext